[Event "Biel GM 45th"]
[Site "Biel"]
[Date "2012.07.26"]
[Round "4"]
[White "Bacrot, Etienne"]
[Black "Carlsen, Magnus"]
[Result "1/2-1/2"]
[WhiteElo "2713"]
[BlackElo "2837"]
[PlyCount "111"]
[EventDate "2012.07.23"]
[EventType "tourn"]
[EventRounds "10"]
[EventCountry "SUI"]
[EventCategory "21"]
[SourceTitle "CBM 150"]
[Source "ChessBase"]
[SourceDate "2012.09.14"]
[SourceVersion "1"]
[SourceVersionDate "2012.09.14"]
[SourceQuality "1"]

1. d4 e6 2. c4 Bb4+ 3. Bd2 Bxd2+ 4. Qxd2 d5 5. Nc3 Nf6 6. Nf3 O-O 7. e3 Qe7 8. Rc1 Rd8 9. cxd5 exd5 10. Bd3 Nc6 11. Bb5 Rd6 12. Bxc6 Rxc6 13. Ne5 Re6 14. f3 b6 15. O-O Bb7 $146 ({RR} 15... Ba6 16. Rfe1 Re8 17. a3 c5 18. b4 cxd4 19. exd4 Bc4 20. f4 Qd6 21. Re3 Ba6 22. Rce1 R6e7 23. f5 h6 24. Qf2 Ne4 25. Nxe4 dxe4 26. Rg3 f6 27. Rg6 h5 28. Kh1 Qd5 29. Qg3 Rf8 30. Rh6 {Zakhartsov,V (2547)-Artemiev,V (2701) Sochi RUS 2023 0-1 (40)}) ({RR} 15... Ba6 16. Rfe1 Re8 17. a3 c5 18. b4 cxd4 19. exd4 Bc4 20. f4 Qd6 21. Re3 Ba6 22. Rce1 R6e7 23. f5 h6 24. Qf2 Ne4 25. Nxe4 dxe4 26. Rg3 f6 27. Rg6 h5 28. Kh1 Qd5 29. Qg3 Rf8 30. Rh6 {Zakhartsov,V (2547)-Artemiev,V (2701) Sochi RUS 2023 0-1 (40)}) 16. Rfe1 h6 17. Ne2 c5 18. Nf4 Rd6 19. dxc5 bxc5 20. Ned3 c4 21. Nb4 Rad8 22. Nc2 Nd7 23. Nd4 Ne5 24. Rc3 Ra6 25. b3 Rb6 26. Rd1 Re8 27. Nc2 Qf6 28. Ne1 a5 29. Qd4 Rb5 30. Nh5 Qg5 31. Ng3 Nc6 32. Qf4 Qxf4 33. exf4 Nb4 34. bxc4 dxc4 35. Rxc4 Nxa2 36. Ne4 Bd5 37. Rc5 Rxc5 38. Nxc5 Nc3 39. Ra1 a4 40. Ned3 Bb3 41. Ra3 Nb5 42. Ra1 Nd4 43. Nb2 a3 44. Nbd3 Ra8 45. Nxb3 Nxb3 46. Ra2 Rd8 47. Ne1 Rd1 48. Kf2 Ra1 49. Rxa1 Nxa1 50. Ke2 a2 51. Kd3 Nb3 52. Nc2 f5 53. Kc3 Nc1 54. Kd2 Nb3+ 55. Kc3 Nc1 56. Kd2 1/2-1/2

[Event "Biel GM 45th"]
[Site "Biel"]
[Date "2012.07.28"]
[Round "6"]
[White "Nakamura, Hikaru"]
[Black "Carlsen, Magnus"]
[Result "1/2-1/2"]
[WhiteElo "2778"]
[BlackElo "2837"]
[Annotator "Krasenkow,Michal"]
[PlyCount "65"]
[EventDate "2012.07.23"]
[EventType "tourn"]
[EventRounds "10"]
[EventCountry "SUI"]
[EventCategory "21"]
[SourceTitle "CBM 150"]
[Source "ChessBase"]
[SourceDate "2012.09.14"]
[SourceVersion "1"]
[SourceVersionDate "2012.09.14"]
[SourceQuality "1"]

1. d4 Nf6 2. c4 g6 3. Nc3 d5 4. Nf3 Bg7 5. Bg5 Ne4 6. Bf4 Nxc3 7. bxc3 c6 {A rare, rather passive continuation but in the hands of GM Magnus Carlsen it becomes quite playable!} (7... c5 {and}) (7... O-O {are usually played}) ({RR} 7... c5) ({RR} 7... O-O) 8. e3 O-O 9. cxd5 $6 {This move, giving the c6-square back to Black's knight, is rather harmless. Practice has seen other options posing more problems to Black:} (9. Bd3 $5 dxc4 10. Bxc4 Nd7 11. O-O Nb6 12. Bb3 Nd5 13. Ne5 Nxf4 14. exf4 Qd6 15. Re1 e6 16. Qf3 Re8 17. h4 $1 $40 {1-0 Spassky,B-Byvshev,V/Leningrad 1955/EXT 1999 (30)}) (9. Be2 dxc4 (9... Qa5 10. Qb3 Nd7 11. O-O e5 ({RR} 11... Re8 12. cxd5 cxd5 13. c4 dxc4 14. Bxc4 e6 15. Rac1 Nb6 16. Bb5 Bd7 17. Bxd7 Nxd7 18. Qxb7 e5 19. Qxd7 exf4 20. exf4 Red8 21. Qb7 Qxa2 22. Rc7 Qd5 23. Rb1 Bxd4) 12. Bg3 dxc4 13. Bxc4 e4 14. Nd2 b5 15. Be2 Nf6 16. a4 $16 {1-0 Malaniuk,V (2615)-Markowski,D (2305)/Koszalin 1997/CBM 059 ext (28)}) (9... Nd7 10. O-O Nb6 11. c5 Nd7 12. c4 dxc4 13. Bxc4 b5 14. Be2 a5 15. Rc1 Nf6 16. Ne5 Bb7 17. Bf3 Nd5 18. Bg3 $14 {1-0 Movsziszian,K (2525)-Kuehn,P (2230)/Hamburg 1994/EXT 1997 (35)}) ({RR} 9... Qa5 10. Qb3 Nd7 11. O-O e5 12. Bg3 dxc4 13. Bxc4 e4 14. Nd2 b5 15. Be2 Nf6 16. a4) ({RR} 9... Nd7 10. O-O Nb6 11. c5 Nd7 12. c4 dxc4 13. Bxc4 b5 14. Be2 a5 15. Rc1 Nf6 16. Ne5 Bb7 17. Bf3 Nd5 18. Bg3) 10. Bxc4 {- 9.d3}) (9. h3 $5 Qa5 10. Qb3 Nd7 11. a4 dxc4 12. Bxc4 b5 13. Bd3 Nb6 14. O-O Nxa4 15. c4 a6 16. Rfc1 Ra7 17. Ne5 Bxe5 18. Bxe5 Qd8 19. Qc2 Bd7 20. h4 $40 {1-0 Gabriel,C (2555)-Gauglitz,G (2400)/Germany 1998/GER-chT (27)}) ({RR} 9. Qb3 Qa5 10. Be2 dxc4 11. Bxc4 Nd7 12. Bg5 b5 13. Be2 Re8 14. O-O Nb6 15. e4 Be6 16. Qc2 c5 17. d5 Bg4 18. Bd2 e6 19. Rab1 c4 20. dxe6 Rxe6 21. Nd4 Bxe2 22. Nxe2 a6 23. Nd4 Ree8 {Keymer,V (2696)-Carlsen,M (2859) Wijk aan Zee NED 2023 0-1 (65)}) ({RR} 9. Qb3 b6 10. Bd3 ({RR} 10. Qa3 Be6 11. Ng5 Qd7 12. Nxe6 fxe6 13. Rd1 c5 14. Bg3 Qc6 15. Qb3 cxd4 16. cxd4 Nd7 17. cxd5 exd5 18. Bb5 Qe6 19. O-O Nf6 20. Rc1 Rac8 21. Qa4 Rxc1 22. Rxc1 Ne4 23. Bd7 Qf7 24. Rc6 Kh8) ({RR} 10. Be2 Bb7 11. h4 h6 12. O-O Nd7 13. a4 dxc4 14. Bxc4 c5 15. Be2 Qc8 16. a5 e6 17. Rfd1 Ba6 18. Bxa6 Qxa6 19. axb6 Qxb6 20. Qa4 Qb7 21. Rdb1 Qc8 22. Qb5 Rd8 23. Qb7 cxd4 24. cxd4 a5) ({RR} 10. a4 Bg4 11. Be2 dxc4 12. Qxc4 Be6 13. Qd3 c5 14. O-O Nc6 15. Rfd1 Bb3 16. Rdb1 Na5 17. Nd2 Bd5 18. Bg3 Rc8 19. Rc1 Qd7 20. h4 Rfd8 21. h5 Be6 22. Bf3 Bg4 23. Qe2 Bxf3 24. Nxf3 Nb3) 10... Ba6 11. h4 dxc4 12. Bxc4 Bxc4 13. Qxc4 Qd5 14. Qb3 Nd7 15. h5 Rfc8 16. h6 Bh8 17. O-O b5 18. Qc2 c5 19. e4 Qc4 20. Nd2 Qe2 21. Qb3 cxd4 22. cxd4 Bxd4 23. Rab1 Qg4 {Maikenov,B (1927)-Zabeib,M (2014) Astana KAZ 2025 ½-½ (57)}) ({RR} 9. Bd3 dxc4 10. Bxc4 Nd7 11. O-O Nb6 12. Bb3 Nd5 13. Ne5 Nxf4 14. exf4 Qd6 15. Re1 e6 16. Qf3 Re8 17. h4) ({RR} 9. Be2 dxc4) ({RR} 9. h3 Qa5 10. Qb3 Nd7 11. a4 dxc4 12. Bxc4 b5 13. Bd3 Nb6 14. O-O Nxa4 15. c4 a6 16. Rfc1 Ra7 17. Ne5 Bxe5 18. Bxe5 Qd8 19. Qc2 Bd7 20. h4) 9... cxd5 10. c4 (10. Bd3 {is safer.}) ({RR} 10. Bd3) 10... Nc6 11. c5 $146 ({RR} 11. cxd5 Qxd5 12. Be2 Qa5+ 13. Qd2 Qxd2+ 14. Nxd2 Bd7 15. O-O e5 16. dxe5 Nxe5 17. Rac1 Bc6 18. Nc4 Nxc4 19. Bxc4 Rfd8 20. Rfd1 Rxd1+ 21. Rxd1 h6 22. h3 g5 23. Bg3 Bf6 24. Rd6 Kg7 25. f3 Rd8 {Estoyanoff,G-Nakle,G (1774) Punta del Este 2014 0-1 (41)}) 11... Bg4 (11... f6 $5 {[%cal Ye7e5] , and Black can even fight for the initiative.}) ({RR} 11... f6) 12. Be2 Bxf3 13. Bxf3 e5 {A classic equalising plan. The position quickly simplifies.} 14. dxe5 Bxe5 15. Bxe5 Nxe5 16. O-O Nxf3+ 17. Qxf3 Rc8 18. Rac1 Qd7 19. Rfd1 Rfd8 20. Qe2 Rc6 21. Qb2 Rdc8 22. Qa3 b6 23. cxb6 Rxc1 24. Rxc1 Rxc1+ 25. Qxc1 axb6 26. Qb2 Qc6 27. h3 h5 28. a4 Qxa4 29. Qxb6 Qa1+ 30. Kh2 Qe5+ 31. Kg1 Qa1+ 32. Kh2 Qe5+ 33. Kg1 1/2-1/2

[Event "Biel GM 45th"]
[Site "Biel"]
[Date "2012.08.01"]
[Round "9"]
[White "Giri, Anish"]
[Black "Carlsen, Magnus"]
[Result "1/2-1/2"]
[WhiteElo "2696"]
[BlackElo "2837"]
[PlyCount "73"]
[EventDate "2012.07.23"]
[EventType "tourn"]
[EventRounds "10"]
[EventCountry "SUI"]
[EventCategory "21"]
[SourceTitle "CBM 150"]
[Source "ChessBase"]
[SourceDate "2012.09.14"]
[SourceVersion "1"]
[SourceVersionDate "2012.09.14"]
[SourceQuality "1"]

1. d4 Nf6 2. c4 e6 3. Nf3 b6 4. g3 Ba6 5. Qc2 Bb4+ 6. Bd2 Bxd2+ 7. Nbxd2 d5 8. Bg2 O-O 9. O-O Nbd7 10. Ne5 ({RR} 10. b3 c5 11. dxc5 Nxc5 12. Rfd1 Qe7 13. Ne5 Rac8 14. Qb2 Bb7 15. cxd5 Bxd5 16. Bxd5 Nxd5 17. Ndf3 Rfd8 18. Nd3 Nxd3 19. Rxd3 Nb4 20. Rxd8+ Qxd8 21. Rc1 Rxc1+ 22. Qxc1 Nxa2 23. Qa1 Nb4 24. Qxa7 h6 {Golubovic,E (2183)-Bashirov,K (2320) chess.com INT 2025 ½-½ (55)}) 10... c5 $146 ({RR} 10... Bb7 11. Nxd7 Qxd7 12. c5 bxc5 13. Qxc5 Ba6 14. Rfe1 Rab8 15. b3 Rb5 16. Qa3 Bb7 17. Rac1 Ne4 18. Nxe4 dxe4 19. Rc5 Rxc5 20. Qxc5 Bd5 21. e3 c6 22. Rc1 Rb8 23. Bf1 Rb6 24. h4 g6 25. Rc2 {De Francesco,K (2246)-Feher,A (2367) Austria 2013 ½-½}) ({RR} 10... Bb7 11. f4 c5 12. e3 Qe7 13. h3 Rac8 14. Qd1 Rfd8 15. g4 cxd4 16. exd4 Nxe5 17. fxe5 Ne4 18. cxd5 Nxd2 19. d6 Qg5 20. Bxb7 Nxf1 21. Bxc8 Ne3 22. Qd2 Qf4 23. Qf2 Qxd4 24. Re1 Nc2 25. Qxd4 {Nguyen,V (1852)-Ton,N (1946) Bac Giang 2016 0-1 (53)}) 11. Nxd7 Qxd7 12. cxd5 Nxd5 13. dxc5 Rac8 14. Nb3 bxc5 15. Rfd1 c4 16. Nd4 c3 17. Nf5 Qb5 18. bxc3 Rxc3 19. Ne7+ Kh8 20. Qd2 Qxe2 21. Nxd5 Qxd2 22. Rxd2 exd5 23. Bxd5 g6 24. Bb3 Bc4 25. Rd7 Bxb3 26. axb3 Rxb3 27. Raxa7 Kg7 28. Kg2 h5 29. h4 Rb6 30. Rd3 Rf6 31. Rf3 Rxf3 32. Kxf3 Rb8 33. Ra3 Kf6 34. Ra6+ Kg7 35. Ra3 Kf6 36. Ra6+ Kg7 37. Ra3 1/2-1/2

[Event "Grand Slam Final 5th"]
[Site "Sao Paulo/Bilbao"]
[Date "2012.09.26"]
[Round "3"]
[White "Carlsen, Magnus"]
[Black "Karjakin, Sergey"]
[Result "1/2-1/2"]
[WhiteElo "2843"]
[BlackElo "2778"]
[PlyCount "134"]
[EventDate "2012.09.24"]
[EventType "tourn"]
[EventRounds "10"]
[EventCountry "BRA"]
[EventCategory "22"]
[SourceTitle "CBM 151"]
[Source "ChessBase"]
[SourceDate "2012.11.13"]
[SourceVersion "1"]
[SourceVersionDate "2012.11.13"]
[SourceQuality "1"]

1. d4 {Krasenkow,Michal} Nf6 2. c4 e6 3. Nf3 b6 4. g3 Ba6 5. Nbd2 d5 6. Bg2 Be7 7. O-O O-O 8. Ne5 c5 9. dxc5 ({RR} 9. Nb3 Bb7 10. dxc5 bxc5 11. Bg5 ({RR} 11. cxd5 Bxd5 12. Bf4 Qb6 13. Qc2 Bxg2 ({RR} 13... Na6 14. e4 Nb4 15. Qe2 Bb7 16. Nc4 Qb5 17. Nba5 ({RR} 17. a4 Qa6 18. Nba5 Bc6 19. Be5 Rad8 20. Bc3 Ba8 21. Rfd1 Ne8 22. b3 Nd6 23. Rac1 Nxc4 24. Nxc4 Nc6 25. Qb2 f6 26. Rxd8) 17... Ba6 18. a3 Qxa5 19. axb4 Qb5 ({RR} 19... Bxc4 20. Qxc4 Qxb4 21. Qxb4 cxb4 22. Rfd1) 20. Rfc1 cxb4 21. Qe1) 14. Kxg2 Nc6 15. Nxc6 Qxc6+ 16. Kg1 Nd5 17. Na5 Qa6 18. Nc4 Nxf4 19. gxf4 Rad8) 11... Na6 ({RR} 11... Qc7 12. cxd5 Rd8 ({RR} 12... Qxe5 13. d6 Bxg2 14. dxe7 Re8 15. Bxf6 Qxf6 16. Kxg2 Qxe7 17. Qc2) 13. Bf4 Nxd5 14. Nxf7 Nxf4 15. Nxd8 Bxg2 16. Nxe6 Nxe6 17. Kxg2 Qc6+ 18. Kg1 a5) 12. Qd2 Rc8 13. Rac1 Qc7 14. Bxf6 Bxf6 15. Ng4 Be7 16. cxd5 exd5 17. Qa5 ({RR} 17. Bxd5 Rfd8 18. e4 Nb4 19. Ne3 Ba6 20. Rfd1 Nxa2) 17... Qd7 ({RR} 17... Qb6) 18. Ne3 d4 ({RR} 18... c4 19. Nd4 Bg5) 19. Bxb7 Qxb7 20. Nf5 Rfe8 21. Nxe7+ Rxe7 22. Nxc5 Nxc5 23. Rxc5 h6 {Nakamura,H (2769)-Karjakin,S (2780) Wijk aan Zee 2013 CBM 153 [Krasenkow,Michal] ½-½ (50)} ({RR} 23... Rce8 24. Rc2 ({RR} 24. Qb5 Qxb5 25. Rxb5 Rxe2 26. Rd1 Re1+ 27. Rxe1 Rxe1+ 28. Kg2 Kf8) 24... h6 25. Qd2 ({RR} 25. Rb1 Re5 26. Qd2 Rxe2 27. Qxe2 Rxe2 28. Rxe2 Qa6) 25... Rxe2 26. Qxe2 Rxe2 27. Rxe2 Qa6 28. Rd2 Qxa2 29. Rfd1 Qb3 30. Rxd4 Qxb2 31. Ra4)) ({RR} 9. cxd5) 9... Qc7 ({RR} 9... bxc5 10. b3 Nfd7 11. cxd5 Nxe5 12. dxe6 Nec6 13. exf7+ Rxf7 14. Nc4 Bxc4 15. bxc4 Rf6 16. Qd5+ Kh8 17. Bb2 Rd6 18. Qf7 Bf6 19. Bxf6 Rxf6 20. Qb7 Qb6 21. Qxa8 h6 22. Bxc6 Rxc6 23. Rab1 {1-0 (23) Milare,T (2217)-Mora Munoz,A (2147) chess.com INT 2025}) 10. Ndf3 bxc5 11. cxd5 $146 ({RR} 11. b3 Nc6 12. Nxc6 Qxc6 13. cxd5 exd5 14. Qc2 Qb6 15. Bb2 Rfd8 16. Rfd1 d4 17. Ne5 Rac8 {½-½ (17) Baikov,V (2418)-Grigoriants,S (2560) Moscow 2010}) 11... Nxd5 12. Qc2 Nc6 13. Nxc6 Qxc6 14. Bg5 f6 15. Bd2 Qb6 16. Rfe1 Rfd8 17. a3 Rab8 18. Rab1 Bf8 19. h4 Qb3 20. Qe4 Nb6 21. Bc3 Bb7 22. Qg4 e5 23. Nd2 Qf7 24. Bxb7 Rxb7 25. Nf1 Nc4 26. Red1 Rdb8 27. Qe4 Nd6 28. Qc2 Qg6 29. Qxg6 hxg6 30. Nd2 Kf7 31. e3 Nb5 32. Ba5 Nd6 33. Rbc1 Rb5 34. Bc7 R8b7 35. Bxd6 Bxd6 36. Nc4 Be7 37. e4 Ke6 38. Kg2 Rb8 39. Rd2 Rd8 40. Rxd8 Bxd8 41. Rd1 Be7 42. Rd3 Rb8 43. Kf3 Rb7 44. Ke2 Rb8 45. Kd2 f5 46. Rd5 Rd8 47. Rxd8 Bxd8 48. Kd3 f4 49. Ke2 g5 50. gxf4 exf4 51. hxg5 Bxg5 52. Kf3 Bh4 53. a4 a6 54. b3 g5 55. Na5 Ke5 56. Nc6+ Kd6 57. Na5 Ke5 58. Nc4+ Kd4 59. a5 Bxf2 60. Kxf2 Kxe4 61. Nd6+ Kd5 62. Ne8 Kc6 63. Nf6 Kb5 64. Ne4 g4 65. Ke2 Kxa5 66. Nxc5 Kb4 67. Nxa6+ Kxb3 1/2-1/2

[Event "Grand Slam Final 5th"]
[Site "Sao Paulo/Bilbao"]
[Date "2012.09.29"]
[Round "5"]
[White "Anand, Viswanathan"]
[Black "Carlsen, Magnus"]
[Result "1/2-1/2"]
[WhiteElo "2780"]
[BlackElo "2843"]
[PlyCount "115"]
[EventDate "2012.09.24"]
[EventType "tourn"]
[EventRounds "10"]
[EventCountry "BRA"]
[EventCategory "22"]
[SourceTitle "CBM 151"]
[Source "ChessBase"]
[SourceDate "2012.11.13"]
[SourceVersion "1"]
[SourceVersionDate "2012.11.13"]
[SourceQuality "1"]

1. d4 Nf6 2. c4 e6 3. Nf3 b6 4. g3 Bb7 5. Bg2 Be7 6. O-O O-O 7. Nc3 Ne4 8. Bd2 Bf6 9. Qc2 Nxd2 10. Qxd2 d6 11. e4 Nd7 12. Rad1 g6 ({RR} 12... a6 13. Rfe1 Re8 14. h4 Rb8 15. b4 c5 16. dxc5 dxc5 17. bxc5 bxc5 18. Qe3 Qc7 19. e5 Be7 20. Qf4 h6 21. Ne4 Bxe4 22. Qxe4 Rb2 23. Re2 {½-½ (23) Ragger,M (2695)-Fridman,D (2642) Germany 2016}) 13. h4 Qe7 ({RR} 13... Bg7 14. Ng5 e5 15. d5 a5 16. f4 exf4 17. gxf4 Nc5 18. Rde1 h6 19. Nf3 Qd7 20. f5 Kh7 21. e5 dxe5 22. Nxe5 Bxe5 23. Rxe5 Rae8 24. Rxe8 Rxe8 25. fxg6+ fxg6 26. Qf4 Re7 27. Ne4 Nxe4 28. Bxe4 {Avetisyan,M (2067)-Bodiroga,P (2249) Belgrade SRB 2025 ½-½ (50)}) 14. Rfe1 Bg7 $146 ({RR} 14... Rad8 15. b3 Bg7 16. Qc2 c5 17. d5 Ne5 18. Nh2 h5 19. f4 Ng4 20. Nxg4 hxg4 21. e5 g5 22. exd6 Rxd6 23. hxg5 Bd4+ 24. Rxd4 cxd4 25. Ne4 Kg7 26. Qd2 e5 27. Nxd6 Qxd6 28. Rxe5 {1-0 (28) Brenninkmeijer,J (2485)-Pliester,L (2345) Groningen 1992}) 15. Qc2 c5 16. b3 cxd4 17. Nxd4 a6 18. Qd2 Rfd8 19. Qe3 Rab8 20. Rd2 Nf6 21. Bf3 Qc7 22. Red1 Nd7 23. Bg2 Rbc8 24. Bh3 Re8 25. Nde2 Bf8 26. h5 Nf6 27. hxg6 hxg6 28. Bg2 Ba8 29. Bf3 Qc5 30. Qxc5 Rxc5 31. Na4 Rc7 32. Nxb6 Bxe4 33. Kg2 Rb8 34. Na4 d5 35. cxd5 Bxf3+ 36. Kxf3 Nxd5 37. Nf4 Nxf4 38. gxf4 Rb5 39. Nb2 Rf5 40. Nc4 g5 41. Rd4 Kg7 42. Rg1 Bc5 43. Re4 Kf6 44. Rxg5 Rxg5 45. fxg5+ Kxg5 46. Ne3 Ba7 47. Rc4 Rxc4 48. Nxc4 Kf6 49. b4 e5 50. a4 Ke6 51. b5 e4+ 52. Kxe4 axb5 53. axb5 Bxf2 54. b6 f5+ 55. Kf3 Bxb6 56. Nxb6 f4 57. Nd5 Kxd5 58. Kxf4 1/2-1/2

[Event "Grand Slam Final 5th"]
[Site "Sao Paulo/Bilbao"]
[Date "2012.10.13"]
[Round "10"]
[White "Aronian, Levon"]
[Black "Carlsen, Magnus"]
[Result "1/2-1/2"]
[WhiteElo "2816"]
[BlackElo "2843"]
[PlyCount "88"]
[EventDate "2012.09.24"]
[EventType "tourn"]
[EventRounds "10"]
[EventCountry "BRA"]
[EventCategory "22"]
[SourceTitle "CBM 151"]
[Source "ChessBase"]
[SourceDate "2012.11.13"]
[SourceVersion "1"]
[SourceVersionDate "2012.11.13"]
[SourceQuality "1"]

1. d4 Nf6 2. c4 e6 3. Nf3 b6 4. g3 Bb7 5. Bg2 Be7 6. O-O O-O 7. Nc3 Ne4 8. Bd2 Bf6 9. Ne5 Nxc3 10. Bxc3 Bxg2 11. Kxg2 d5 12. Ng4 Nd7 13. Qa4 Be7 14. Rfd1 Nf6 15. Ne5 $146 ({RR} 15. Nxf6+ Bxf6 16. Qc6 Qd6 17. Qxd6 cxd6 18. cxd5 exd5 19. Bb4 Rfd8 20. Rac1 a5 21. Ba3 b5 22. b3 b4 23. Bb2 Rdc8 24. e3 Kf8 25. Kf3 Ke7 26. Ke2 h5 27. h3 Kd7 28. Rxc8 Rxc8 29. Kd3 Be7 {Oms Pallisse,J (2506)-Fluvia Poyatos,J (2490) Barcelona 2012 ½-½ (48)}) 15... Qe8 16. Nc6 Kh8 17. f3 a6 18. Be1 Bd6 19. Rac1 b5 20. cxb5 axb5 21. Qxb5 Rxa2 22. Ba5 Qa8 23. Rd3 Nd7 24. Rdc3 Nb8 25. b4 Nxc6 26. Rxc6 Rb2 27. R6c2 Rxc2 28. Rxc2 Qa7 29. e3 h6 30. Qc6 Kg8 31. Kf2 Qa8 32. Kg2 Qxc6 33. Rxc6 Rb8 34. Bxc7 Bxc7 35. Rxc7 Rxb4 36. g4 Rb2+ 37. Kg3 g5 38. Rc3 Re2 39. h4 Kg7 40. Ra3 Kg6 41. h5+ Kf6 42. Rb3 Kg7 43. Ra3 Kf6 44. Rb3 Kg7 1/2-1/2

[Event "Tata Steel-A 75th"]
[Site "Wijk aan Zee"]
[Date "2013.01.13"]
[Round "2"]
[White "Aronian, Levon"]
[Black "Carlsen, Magnus"]
[Result "1/2-1/2"]
[WhiteElo "2802"]
[BlackElo "2861"]
[Annotator "Krasenkow,Michal"]
[PlyCount "92"]
[EventDate "2013.01.12"]
[EventType "tourn"]
[EventRounds "13"]
[EventCountry "NED"]
[EventCategory "20"]
[SourceTitle "CBM 153"]
[Source "ChessBase"]
[SourceDate "2013.03.14"]
[SourceVersion "1"]
[SourceVersionDate "2013.03.14"]
[SourceQuality "1"]

1. d4 Nf6 2. c4 g6 3. Nc3 Bg7 4. e4 d6 5. Nf3 O-O 6. h3 Nc6 $6 {Does Magnus Carlsen laugh at his rivals? He can play anything at all and then outplay them!} 7. d5 {The most logical reply. Otherwise Black has the idea ...e7-e5 d4-d5 c6-d4!:} (7. Be2 e5 8. d5 Nd4 9. Nxd4 exd4 10. Qxd4 Re8 11. Qd3 Qe7 12. Bg5 h6 13. Bxf6 Bxf6 $132 {[%csl Re4]}) (7. Be3 e5 8. d5 Nd4 $1 9. Nxd4 exd4 10. Bxd4 (10. Qxd4 Ng4 11. Qd2 Nxe3 12. Qxe3 f5 $1 $44) 10... Nxe4 11. Nxe4 Qh4 12. g4 Re8 13. Bg2 Bf5 14. O-O Bxe4 15. Bxg7 Bxg2 16. Kxg2 Kxg7 17. Qd4+ Qf6 18. Qxf6+ Kxf6 19. Rfe1 {1/2 (19) Lutz,C (2580)-Finkel,A (2465) Leeuwarden 1994}) (7. Bg5 h6 8. Be3 e5 9. d5 Nd4 $1 (9... Ne7 10. Qc1 Kh7 11. Bd3 $14 {1-0 (28) Chernin,A (2600)-Uhlmann,W (2500) Austria 1993}) 10. Nxd4 exd4 11. Qxd4 (11. Bxd4 Nxe4 $1 12. Nxe4 (12. Bxg7 Re8 $1) 12... Qh4 $1 13. g4 Re8 14. Bg2 Bf5 $1 $11) 11... Ng4 12. Qd2 Nxe3 13. Qxe3 {Here Black's compensation for the pawn is less impressive than in the 7.e3 line as his position is weakened by ...h7-h6. Still, after} f5 14. Bd3 Bd7 {he can't complain.}) 7... Nb4 (7... Nb8 8. Be2 c6 9. O-O a6 10. Bg5 b5 11. dxc6 b4 12. Bxf6 exf6 13. c7 Qxc7 14. Nd5 Qb7 15. Nd4 Nd7 16. Qd2 Re8 17. Rfe1 $16 {1-0 (42) Zubarev,A (2583)-Lagarde,M (2501) Sautron FRA 2012}) 8. Be2 (8. Bg5 e6 9. a3 Na6 10. dxe6 Bxe6 11. Be2 Nc5 12. Qc2 Qe8 13. Nd2 Bd7 14. O-O Bc6 15. Bd3 Nfd7 16. Rfe1 {1/2 (16) Bagirov,V (2500)-Zaitsev,I (2445) Podolsk 1992}) (8. a3 $5 {A logical idea: to push Black's knight away to a6 before he has played ...a7-a5; besides, White's bishop can now go to d3-c2, where it is placed better than on e2.} Na6 9. Bd3 Nc5 10. Bc2 e6 (10... a5 11. Be3) 11. O-O exd5 12. cxd5 Re8 13. Re1 a5 14. Bf4 a4 15. Rc1 $14 {1-0 (36) Berkovich,D (2445)-Zaitsev,I (2445) Podolsk 1992}) 8... e6 9. Be3 (9. O-O Re8 10. Bg5 exd5 11. exd5 h6 12. Be3 Na6 13. Qd2 Kh7 14. Rfe1 Nc5 15. Bxc5 dxc5 16. Bd3 Bd7 17. Ne5 Re7 18. Re3 Ne8 19. Rae1 $14 {1/2 (26) Iotov,V (2569)-Libiszewski,F (2478) Marrakesh 2010}) 9... Re8 10. Nd2 a5 ({RR} 10... Nd7 11. O-O Nc5 12. a3 Nbd3 13. Qc2 Nxb2 14. Bxc5 Bxc3 15. Bb4 Bg7 16. a4 Bd7 17. a5 exd5 18. cxd5 c5 19. dxc6 Rc8 20. Ra2 Bxc6 21. Qb3 Bxe4 22. Nxe4 Rxe4 23. Bf3 Rf4 24. Rxb2 Rxf3 25. gxf3 {Le,Q (2709)-Aronian,L (2785) Chess.com INT 2022 ½-½ (34)}) 11. O-O Bd7 $146 ({RR} 11... c6 12. a3 Na6 13. dxc6 bxc6 14. Qc2 e5 15. Rfd1 Be6 16. Na4 c5 17. Nb3 Qc7 18. Nc3 Bf8 19. Bg5 Kg7 20. f4 a4 21. Nxa4 exf4 22. Nc3 Nd7 23. Nb5 Qb6 24. Bxf4 Ne5 25. Nd2 Nc7 26. Kh2 {Lei,T (2474)-Grigoryan,K (2602) Roquetas de Mar 2016 1-0 (54)}) 12. Re1 b6 13. Rc1 Kh8 14. a3 Na6 15. Qc2 e5 16. Rb1 Ng8 {Finally we have a normal King's Indian, and Black's position is quite decent as he will now play ...f7-f5.} 17. b4 f5 18. Nb5 $5 (18. Nf3 $5 Nf6 $1 (18... Bh6 19. Bxh6 Nxh6 20. Bd3 {[%cal Yc2e2,Yc4c5]}) 19. Bd3 f4 20. Bc1 Rg8 21. Qe2 {[%cal Rc4c5]} Bc8 $13) 18... Bh6 (18... f4 19. Bxb6 $1 cxb6 20. Nxd6 Rf8 21. c5 $16 {[%csl Gc5,Gd5]}) 19. Bxh6 Nxh6 20. exf5 (20. Qc3 $5 f4 21. Nb3 {[%cal Yc4c5]}) 20... gxf5 (20... Nxf5 $5 21. Ne4 axb4 22. axb4 Bxb5 23. cxb5 Nb8 24. Bg4 Nd7 $14 {/=}) 21. f4 $5 exf4 22. Qc3+ Kg8 23. Bh5 Nf7 24. Rxe8+ Qxe8 25. Qf6 Qf8 26. Bxf7+ Qxf7 27. Qg5+ Qg7 28. Qxf4 $14 {The position has clarified. Black's kingside attack is now out of the question, and his misplaced a6 knight guarantees White an edge.} axb4 29. axb4 Re8 30. Nd4 (30. Rb3 {[%cal Rb3g3]} Qe5) 30... Qe5 31. Qg5+ Qg7 32. N2f3 $1 Qxg5 33. Nxg5 Kg7 34. Nge6+ Kf6 35. Rf1 Bxe6 36. Nxe6 {[%cal Rg2g4]} h5 $6 (36... Kg6 $1 $14) 37. g4 (37. b5 $5 Nc5 38. Rxf5+ Kxf5 39. Ng7+ Kf4 40. Nxe8 Nd3 41. Nxc7 Ne5 {Black recaptures one of the missing pawns but the other one remains - and good winning chances for White.}) 37... hxg4 38. hxg4 Nxb4 39. Rxf5+ Kg6 40. Nf4+ Kg7 41. g5 {White still pushes on but the number of pawns is dramatically decreasing.} c6 $1 42. Kf2 (42. Rf6 cxd5 43. cxd5 Nxd5 $1 44. Nxd5 Re5 45. Rxd6 Rxg5+ $11) 42... cxd5 43. cxd5 Re5 44. Ne6+ Kg6 45. Rf6+ Kh5 46. Kf3 Re3+ $1 1/2-1/2